00686 2200205 4500001002100000005001500021035002000036245009400056110005300150250001200203300004800215260006900263082001400332084002000346020001800366650001900384008004100403990001800444990001800462PBTAN00000000000278120260430101625 a0010-04260001571 aTeknologi Produksi Benih Kacang Tanah /cPusat Penelitian dan Pengembangan Tanaman Pangan0 aPusat Penelitian dan Pengembangan Tanaman Pangan apertama av + 55 Halaman :bIlustrasi ;c24cm x 17 cm abogor :bPusat Penelitian dan Pengembangan Tanaman Pangan,c2000 a37.013.73 a37.013.73 PUS t a979-8161-61-0 4aTanaman pangan260430 0 ind  a2026020100372 a2026030100374